000 02424cab a2200289 a 4500
005 20220817082622.0
008 991125c2020 ag zr p o 000 0 spa d
035 _aUPN01000235715
040 _aMX-MxUPN
_bspa
_eaacr2
049 _aART-E
100 1 _aAguilar, María José
100 1 _aAgulla, Lucía
100 1 _aSaid, Andrea
100 1 _aLópez, Marcela
245 0 0 _aAportes al estudio de las relaciones entre memoria episódica y teoría de la mente
_h[recurso electrónico en línea]
506 0 _aAcceso abierto
520 3 _aLa teoría de la mente emerge en el desarrollo con anterioridad a la memoria episódica, posibilitando a través de la capacidad de metarrepresentación el desdoblamiento y viaje mental que ella misma implica. Para la evaluación de los procesos se administraron las Historias Extrañas de Happé, el Test de las miradas, el Test de Aprendizaje Verbal España-Complutense y una tarea experimental a 20 mujeres con diagnóstico de Síndrome de Turner y sus respectivos controles. Los resultados indican dificultades en ambos procesos cognitivos y correlaciones entre la teoría de la mente e indicadores de memoria episódica de contenido y de la fuente. Se hipotetiza que la anatomía cerebral atípica, propia de esta población, traería problemas en el desarrollo de la teoría de la mente y esto, a su vez, podría asociarse con dificultades en los mecanismos de metarrepresentación y reexperimentación subjetiva de vivencias que la memoria episódica implica. Los resultados obtenidos permiten una mayor comprensión del perfil neuropsicológico de las mujeres con diagnóstico de Síndrome de Turner y podrían servir de insumo teórico para el diseño de estrategias clínicas y psicoeducativas que tiendan a fomentar, en esta población, las habilidades de teoría de la mente y memoria episódica.
650 4 _914926
_aTEORIA DE LA IDENTIDAD MENTE-CEREBRO
653 0 _aMemoria episódica
653 0 _aPerfil neuropsicológico
653 0 _aSíndrome de Turner
773 _g Vol. 37, no. 1 (2020) p. 175-190
_tInterdisciplinaria : revista de psicología y ciencias afines
_x1668-7027
856 4 0 _uhttp://www.ciipme-conicet.gov.ar/ojs/index.php?journal=interdisciplinaria&page=article&op=view&path%5B%5D=397&path%5B%5D=html
856 4 0 _uhttps://doi.org/10.16888/interd.2020.37.1.11
_zConsultar articulo completo
905 _aArticulo
942 _cART-E
999 _c207810
_d207810